<?xml version="1.0" encoding="UTF-8"?>
<record
    xmlns:xsi="http://www.w3.org/2001/XMLSchema-instance"
    xsi:schemaLocation="http://www.loc.gov/MARC21/slim http://www.loc.gov/standards/marcxml/schema/MARC21slim.xsd"
    xmlns="http://www.loc.gov/MARC21/slim">

  <leader>02730    a2200313   4500</leader>
  <controlfield tag="003">Nust</controlfield>
  <controlfield tag="005">20170207154053.0</controlfield>
  <datafield tag="020" ind1=" " ind2=" ">
    <subfield code="a">978-0-470-52206-6</subfield>
  </datafield>
  <datafield tag="020" ind1=" " ind2=" ">
    <subfield code="a">978-0-470-52206-6</subfield>
  </datafield>
  <datafield tag="035" ind1=" " ind2=" ">
    <subfield code="a">(AU-PeEL)EBL456132</subfield>
  </datafield>
  <datafield tag="035" ind1=" " ind2=" ">
    <subfield code="a">(OCoLC)457179586</subfield>
  </datafield>
  <datafield tag="040" ind1=" " ind2=" ">
    <subfield code="c">Nust</subfield>
  </datafield>
  <datafield tag="082" ind1="0" ind2="0">
    <subfield code="a">332.63</subfield>
    <subfield code="a">332.63</subfield>
    <subfield code="a">332.63</subfield>
  </datafield>
  <datafield tag="100" ind1="1" ind2=" ">
    <subfield code="a">DAVID J. LYNN,YUSHENG HAO.</subfield>
  </datafield>
  <datafield tag="245" ind1="1" ind2="0">
    <subfield code="a">Active Private Equity Real Estate Strategy (E-Book)</subfield>
    <subfield code="h">[Elektronisk resurs].</subfield>
    <subfield code="c">DAVID J. LYNN,YUSHENG HAO</subfield>
  </datafield>
  <datafield tag="260" ind1=" " ind2=" ">
    <subfield code="a">Hoboken :</subfield>
    <subfield code="b">John Wiley &amp; Sons, Inc.,</subfield>
    <subfield code="c">2009.</subfield>
  </datafield>
  <datafield tag="300" ind1=" " ind2=" ">
    <subfield code="a">1 online resource (307 p.)</subfield>
  </datafield>
  <datafield tag="500" ind1=" " ind2=" ">
    <subfield code="a">Description based upon print version of record.</subfield>
  </datafield>
  <datafield tag="505" ind1="0" ind2=" ">
    <subfield code="a">Active Private Equity Real Estate Strategy; Contents; Preface; Disclaimer; Acknowledgments; About the Authors; Part One: Market Analysis and Forecasts; Chapter 1: Overview of the U.S. Real Estate Market; Chapter 2: Forecasting the U.S. Market; Chapter 3: Recession Simulation and It's Effects on Real Estate; Chapter 4: Subprime Fallout; Chapter 5: Capital Markets; Chapter 6: The Bid-Ask Problem and Game Theory; Part Two: Active Strategies; Chapter 7: Residential Land Investment; Chapter 8: The U.S. Hotel Market and Strategy; Chapter 9: Global Gateway Industrial Market Investment</subfield>
  </datafield>
  <datafield tag="505" ind1="0" ind2=" ">
    <subfield code="a">Chapter 10: The Opportunity in Senior HousingChapter 11: Active Portfolio Management Using Modern Portfolio Theory; Chapter 12: Derivatives in Private Equity Real Estate; Chapter 13: Opportunities in Infrastructure Investment; Appendix A: Typical Land Development Pro Forma Analysis-Three Scenarios; Appendix B: U.S. Hotel Chain Scales; Appendix C: Modern Portfolio Theory in Real Estate Portfolio Analytics; Appendix D: Commercial Real Estate Indexes; Appendix E: Example NPI Forecast Methodology; Selected Bibliography; Index; </subfield>
  </datafield>
  <datafield tag="520" ind1=" " ind2=" ">
    <subfield code="a"> Proven private equity real estate investing strategies  The subprime fallout and credit crisis have triggered a major transition in U.S. real estate. With tightening lending and underwriting standards, speculative investments and construction projects are likely to limited, resulting in constrained supply and healthier fundamentals over the long term. Looking forward, market participants anticipate that the coming years will be fraught with challenges as well as opportunities. Active Private Equity Real Estate Strategy is a collection of abridged market analyses, forecasts, and strategy paper</subfield>
  </datafield>
  <datafield tag="650" ind1=" " ind2="4">
    <subfield code="a">Commercial real estate -- United States.</subfield>
  </datafield>
  <datafield tag="650" ind1=" " ind2="4">
    <subfield code="a">Private equity.</subfield>
  </datafield>
  <datafield tag="650" ind1=" " ind2="4">
    <subfield code="a">Real estate investment -- United States.</subfield>
  </datafield>
  <datafield tag="650" ind1=" " ind2="4">
    <subfield code="a">Real estate investment.</subfield>
  </datafield>
  <datafield tag="650" ind1=" " ind2="4">
    <subfield code="a">Residential real estate -- United States.</subfield>
  </datafield>
  <datafield tag="651" ind1=" " ind2=" ">
    <subfield code="a">Active Private Equity Real Estate Strategy (E-Book)</subfield>
  </datafield>
  <datafield tag="655" ind1=" " ind2="0">
    <subfield code="a">Electronic books.</subfield>
  </datafield>
  <datafield tag="942" ind1=" " ind2=" ">
    <subfield code="2">ddc</subfield>
    <subfield code="c">BK</subfield>
  </datafield>
  <datafield tag="999" ind1=" " ind2=" ">
    <subfield code="c">193207</subfield>
    <subfield code="d">193207</subfield>
  </datafield>
  <datafield tag="952" ind1=" " ind2=" ">
    <subfield code="0">0</subfield>
    <subfield code="1">0</subfield>
    <subfield code="2">ddc</subfield>
    <subfield code="4">0</subfield>
    <subfield code="7">0</subfield>
    <subfield code="8">NFIC</subfield>
    <subfield code="a">MCS</subfield>
    <subfield code="b">MCS</subfield>
    <subfield code="d">2016-12-12</subfield>
    <subfield code="l">0</subfield>
    <subfield code="o">332.63  LYN</subfield>
    <subfield code="p">MCSEB-2900</subfield>
    <subfield code="r">2016-12-08</subfield>
    <subfield code="w">2016-12-12</subfield>
    <subfield code="y">BK</subfield>
  </datafield>
</record>
